[Event "Baku Chess Olympiad | Open"]
[Site "chess24.com"]
[Date "2016.09.12"]
[Round "10"]
[White "Rodriguez Vila, Andres"]
[Black "Abdyjapar, Asyl"]
[Result "0-1"]
[Board "1"]
[WhiteID "3000010"]
[WhiteElo "2453"]
[WhiteTitle "GM"]
[WhiteCountry "URU"]
[WhiteFideId "3000010"]
[WhiteEloChange "-6"]
[BlackID "13800337"]
[BlackElo "2390"]
[BlackTitle "IM"]
[BlackCountry "KGZ"]
[BlackFideId "13800337"]
[BlackEloChange "12"]

1. e4 {[%clk 1:30:55]} c5 {[%clk 1:30:56]} 2. Nc3 {[%clk 1:31:20]} Nc6 {[%clk
1:31:22]} 3. g3 {[%clk 1:30:22]} g6 {[%clk 1:31:43]} 4. d3 {[%clk 1:30:44]} Bg7
{[%clk 1:27:33]} 5. Bg2 {[%clk 1:30:06]} e6 {[%clk 1:27:23]} 6. Be3 {[%clk
1:30:20]} Nd4 {[%clk 1:27:25]} 7. Nce2 {[%clk 1:29:39]} d5 {[%clk 1:26:16]} 8. c3
{[%clk 1:21:58]} Nxe2 {[%clk 1:26:04]} 9. Nxe2 {[%clk 1:22:21]} dxe4 {[%clk
1:23:55]} 10. dxe4 {[%clk 1:17:31]} Qc7 {[%clk 1:23:53]} 11. Qd2 {[%clk 1:06:16]}
b6 {[%clk 1:15:24]} 12. O-O {[%clk 0:42:44]} Bb7 {[%clk 1:15:22]} 13. Rad1 {[%clk
0:42:51]} Nf6 {[%clk 1:11:55]} 14. f3 {[%clk 0:42:10]} O-O {[%clk 1:11:51]} 15.
Bg5 {[%clk 0:41:36]} Rfd8 {[%clk 1:06:26]} 16. Qf4 {[%clk 0:41:52]} Qxf4 {[%clk
1:06:23]} 17. gxf4 {[%clk 0:42:17]} Ba6 {[%clk 1:05:57]} 18. Kf2 {[%clk 0:41:22]}
Rdc8 {[%clk 0:55:25]} 19. Rfe1 {[%clk 0:39:46]} h6 {[%clk 0:53:51]} 20. Bh4
{[%clk 0:39:49]} Nh5 {[%clk 0:52:50]} 21. Ke3 {[%clk 0:39:47]} Bc4 {[%clk
0:52:11]} 22. Bf1 {[%clk 0:31:05]} b5 {[%clk 0:42:44]} 23. Ng3 {[%clk 0:24:13]}
Nxg3 {[%clk 0:31:30]} 24. Bxc4 {[%clk 0:24:04]} Nxe4 {[%clk 0:30:16]} 25. fxe4
{[%clk 0:07:45]} bxc4 {[%clk 0:30:40]} 26. Rd7 {[%clk 0:08:12]} Rab8 {[%clk
0:26:28]} 27. Re2 {[%clk 0:08:30]} Rb6 {[%clk 0:22:38]} 28. e5 {[%clk 0:05:39]}
Rcb8 {[%clk 0:21:37]} 29. Rd8+ {[%clk 0:05:40]} Rxd8 {[%clk 0:20:43]} 30. Bxd8
{[%clk 0:06:08]} Rb7 {[%clk 0:19:02]} 31. Rd2 {[%clk 0:06:32]} g5 {[%clk
0:18:14]} 32. h4 {[%clk 0:04:07]} gxh4 {[%clk 0:13:24]} 33. Bxh4 {[%clk 0:04:25]}
Kh7 {[%clk 0:13:41]} 34. Ke4 {[%clk 0:04:44]} Kg6 {[%clk 0:10:57]} 35. Bd8 {[%clk
0:02:32]} Bf8 {[%clk 0:07:04]} 36. Bf6 {[%clk 0:02:54]} Be7 {[%clk 0:03:15]} 37.
Rg2+ {[%clk 0:03:05]} Kh5 {[%clk 0:03:41]} 38. Bxe7 {[%clk 0:02:00]} Rxe7 {[%clk
0:04:02]} 39. f5 {[%clk 0:02:26]} Kh4 {[%clk 0:03:23]} 40. f6 {[%clk 0:32:17]}
Rb7 {[%clk 0:31:43]} 41. Kf4 {[%clk 0:32:35]} Kh5 {[%clk 0:31:00]} 42. a4 {[%clk
0:32:21]} a5 {[%clk 0:30:24]} 43. Kf3 {[%clk 0:31:37]} Rd7 {[%clk 0:29:00]} 44.
Rg7 {[%clk 0:31:50]} Rd3+ {[%clk 0:26:37]} 45. Kf4 {[%clk 0:30:18]} Rd7 {[%clk
0:26:58]} 46. Rg8 {[%clk 0:30:18]} Rd1 {[%clk 0:25:11]} 47. Rc8 {[%clk 0:29:54]}
Rf1+ {[%clk 0:24:26]} 48. Kg3 {[%clk 0:30:19]} Rb1 {[%clk 0:24:21]} 49. Rxc5
{[%clk 0:30:20]} Rxb2 {[%clk 0:24:46]} 50. Kf4 {[%clk 0:25:52]} Rb3 {[%clk
0:21:27]} 51. Rxc4 {[%clk 0:26:12]} Ra3 {[%clk 0:21:55]} 52. Ke4 {[%clk 0:24:13]}
Kg6 {[%clk 0:20:32]} 53. Rc8 {[%clk 0:24:40]} Rxa4+ {[%clk 0:20:48]} 54. c4
{[%clk 0:25:05]} h5 {[%clk 0:18:28]} 55. Rg8+ {[%clk 0:25:28]} Kh6 {[%clk
0:18:40]} 56. Kd4 {[%clk 0:25:14]} Ra1 {[%clk 0:17:22]} 57. Rg7 {[%clk 0:22:37]}
a4 {[%clk 0:17:23]} 58. Rxf7 {[%clk 0:23:01]} a3 {[%clk 0:17:41]} 59. Ra7 {[%clk
0:15:55]} h4 {[%clk 0:14:33]} 60. Kc3 {[%clk 0:12:09]} h3 {[%clk 0:12:35]} 61.
Ra8 {[%clk 0:12:35]} Kg6 {[%clk 0:12:50]} 62. Rg8+ {[%clk 0:12:33]} Kf7 {[%clk
0:13:01]} 63. Rg7+ {[%clk 0:13:00]} Kf8 {[%clk 0:13:20]} 64. Rh7 {[%clk 0:13:26]}
Rb1 {[%clk 0:13:03]} 65. Rxh3 {[%clk 0:04:27]} a2 {[%clk 0:13:24]} 66. Rh8+
{[%clk 0:04:55]} Kf7 {[%clk 0:13:51]} 67. Rh7+ {[%clk 0:05:18]} Kg8 {[%clk
0:13:38]} 68. Ra7 {[%clk 0:05:40]} a1Q+ {[%clk 0:14:03]} 69. Rxa1 {[%clk
0:06:06]} Rxa1 {[%clk 0:14:28]} 70. c5 {[%clk 0:06:33]} Kf7 {[%clk 0:14:21]} 71.
Kb4 {[%clk 0:06:41]} Rb1+ {[%clk 0:12:47]} 72. Ka4 {[%clk 0:06:58]} Ke8 {[%clk
0:12:55]} 73. c6 {[%clk 0:07:16]} Kd8 {[%clk 0:13:21]} 0-1

[Event "Baku Chess Olympiad | Open"]
[Site "chess24.com"]
[Date "2016.09.12"]
[Round "10"]
[White "Markov, Mikhail"]
[Black "Roselli Mailhe, Bernardo"]
[Result "1-0"]
[Board "2"]
[WhiteID "13800698"]
[WhiteElo "2433"]
[WhiteTitle "IM"]
[WhiteCountry "KGZ"]
[WhiteFideId "13800698"]
[WhiteEloChange "5"]
[BlackID "3000028"]
[BlackElo "2434"]
[BlackTitle "IM"]
[BlackCountry "URU"]
[BlackFideId "3000028"]
[BlackEloChange "-5"]

1. c4 {[%clk 1:30:57]} e5 {[%clk 1:30:28]} 2. g3 {[%clk 1:31:15]} Nc6 {[%clk
1:30:51]} 3. Nc3 {[%clk 1:31:20]} Bc5 {[%clk 1:30:45]} 4. e3 {[%clk 1:31:33]} a6
{[%clk 1:30:19]} 5. Nf3 {[%clk 1:31:31]} Ba7 {[%clk 1:22:19]} 6. d4 {[%clk
1:31:20]} exd4 {[%clk 1:14:36]} 7. exd4 {[%clk 1:31:42]} d6 {[%clk 1:15:01]} 8.
d5 {[%clk 1:31:37]} Qe7+ {[%clk 1:13:20]} 9. Be2 {[%clk 1:28:34]} Ne5 {[%clk
1:12:00]} 10. Nxe5 {[%clk 1:28:58]} dxe5 {[%clk 1:10:56]} 11. d6 {[%clk 1:21:35]}
Qxd6 {[%clk 1:03:55]} 12. Qxd6 {[%clk 1:21:43]} cxd6 {[%clk 1:04:21]} 13. Nd5
{[%clk 1:22:08]} Kd8 {[%clk 1:03:55]} 14. Bg5+ {[%clk 1:14:57]} f6 {[%clk
1:02:02]} 15. Be3 {[%clk 1:15:09]} Bxe3 {[%clk 0:48:40]} 16. fxe3 {[%clk
1:14:47]} Ne7 {[%clk 0:48:31]} 17. O-O-O {[%clk 1:10:55]} Rb8 {[%clk 0:30:47]}
18. c5 {[%clk 1:07:10]} dxc5 {[%clk 0:28:01]} 19. Nxf6+ {[%clk 1:02:19]} Kc7
{[%clk 0:28:21]} 20. Ne4 {[%clk 0:50:14]} Bf5 {[%clk 0:24:47]} 21. Nxc5 {[%clk
0:49:33]} Rbc8 {[%clk 0:18:48]} 22. b4 {[%clk 0:45:27]} b6 {[%clk 0:17:04]} 23.
e4 {[%clk 0:32:22]} Bh3 {[%clk 0:12:12]} 24. Nd3 {[%clk 0:22:22]} Nc6 {[%clk
0:11:20]} 25. Rd2 {[%clk 0:18:31]} Kb7 {[%clk 0:10:47]} 26. Kb2 {[%clk 0:18:25]}
Rcd8 {[%clk 0:07:49]} 27. Rhd1 {[%clk 0:15:35]} Rhf8 {[%clk 0:07:36]} 28. a4
{[%clk 0:15:07]} Rde8 {[%clk 0:04:38]} 29. Rc1 {[%clk 0:15:22]} Re7 {[%clk
0:03:49]} 30. Rc3 {[%clk 0:13:03]} Bg2 {[%clk 0:02:27]} 31. a5 {[%clk 0:10:32]}
Bxe4 {[%clk 0:02:20]} 32. axb6 {[%clk 0:10:56]} Kxb6 {[%clk 0:01:59]} 33. Nc5
{[%clk 0:11:02]} Bh1 {[%clk 0:02:09]} 34. Rd7 {[%clk 0:08:52]} Nxb4 {[%clk
0:01:12]} 35. Na4+ {[%clk 0:07:15]} Ka5 {[%clk 0:01:31]} 36. Rc5+ {[%clk
0:07:39]} Kxa4 {[%clk 0:01:56]} 37. Bd1+ {[%clk 0:08:04]} Nc2 {[%clk 0:02:18]}
38. Rxe7 {[%clk 0:08:31]} 1-0

[Event "Baku Chess Olympiad | Open"]
[Site "chess24.com"]
[Date "2016.09.12"]
[Round "10"]
[White "Larrea, Manuel"]
[Black "Tologontegin, Semetey"]
[Result "0-1"]
[Board "3"]
[WhiteID "3000508"]
[WhiteElo "2279"]
[WhiteTitle "FM"]
[WhiteCountry "URU"]
[WhiteFideId "3000508"]
[WhiteEloChange "-8"]
[BlackID "13800574"]
[BlackElo "2350"]
[BlackTitle "IM"]
[BlackCountry "KGZ"]
[BlackFideId "13800574"]
[BlackEloChange "8"]

1. e4 {[%clk 1:30:57]} d6 {[%clk 1:30:53]} 2. d4 {[%clk 1:31:23]} Nf6 {[%clk
1:31:15]} 3. f3 {[%clk 1:31:49]} c5 {[%clk 1:22:59]} 4. d5 {[%clk 1:31:20]} g6
{[%clk 1:22:59]} 5. c4 {[%clk 1:31:44]} Bg7 {[%clk 1:23:23]} 6. Nc3 {[%clk
1:32:11]} O-O {[%clk 1:23:43]} 7. Be3 {[%clk 1:32:39]} e6 {[%clk 1:19:50]} 8. Qd2
{[%clk 1:32:43]} exd5 {[%clk 1:18:28]} 9. cxd5 {[%clk 1:33:06]} a6 {[%clk
1:17:50]} 10. a4 {[%clk 1:33:27]} Nbd7 {[%clk 1:16:51]} 11. Nh3 {[%clk 1:30:28]}
Re8 {[%clk 1:10:15]} 12. Be2 {[%clk 1:30:04]} Rb8 {[%clk 1:09:10]} 13. Nf2 {[%clk
1:27:20]} Nh5 {[%clk 0:26:41]} 14. g4 {[%clk 1:17:24]} Nhf6 {[%clk 0:26:24]} 15.
O-O {[%clk 1:17:31]} Kh8 {[%clk 0:17:58]} 16. Kh1 {[%clk 1:13:11]} Ng8 {[%clk
0:17:42]} 17. Rg1 {[%clk 1:10:36]} Nb6 {[%clk 0:17:12]} 18. Rg3 {[%clk 1:05:44]}
Na8 {[%clk 0:15:54]} 19. Rag1 {[%clk 1:02:43]} Nc7 {[%clk 0:16:07]} 20. Rh3
{[%clk 1:01:32]} b5 {[%clk 0:13:53]} 21. Rgg3 {[%clk 0:58:19]} Qf6 {[%clk
0:13:38]} 22. g5 {[%clk 0:22:37]} Qe7 {[%clk 0:13:13]} 23. Ng4 {[%clk 0:21:48]}
bxa4 {[%clk 0:12:52]} 24. Rh4 {[%clk 0:18:34]} Bxg4 {[%clk 0:13:01]} 25. fxg4
{[%clk 0:16:52]} Rb4 {[%clk 0:06:12]} 26. Rgh3 {[%clk 0:16:20]} h6 {[%clk
0:06:25]} 27. gxh6 {[%clk 0:16:12]} Be5 {[%clk 0:06:40]} 28. g5 {[%clk 0:13:51]}
Kh7 {[%clk 0:07:03]} 29. Rf3 {[%clk 0:13:42]} Reb8 {[%clk 0:06:53]} 30. Nd1
{[%clk 0:13:26]} Rxb2 {[%clk 0:03:59]} 31. Nxb2 {[%clk 0:13:30]} Rxb2 {[%clk
0:04:25]} 32. Qe1 {[%clk 0:09:59]} a3 {[%clk 0:04:02]} 33. Qf1 {[%clk 0:06:26]}
f6 {[%clk 0:04:12]} 34. gxf6 {[%clk 0:05:37]} Nxf6 {[%clk 0:04:28]} 35. Bc4
{[%clk 0:02:04]} a2 {[%clk 0:04:22]} 36. Bxa2 {[%clk 0:01:21]} Rxa2 {[%clk
0:04:48]} 37. Qc4 {[%clk 0:01:25]} Ra1+ {[%clk 0:01:43]} 38. Rf1 {[%clk 0:01:23]}
Rxf1+ {[%clk 0:01:16]} 39. Qxf1 {[%clk 0:01:52]} Nd7 {[%clk 0:00:34]} 40. Rh3
{[%clk 0:31:44]} a5 {[%clk 0:30:46]} 41. Rf3 {[%clk 0:30:03]} Bf6 {[%clk
0:24:59]} 42. Qb1 {[%clk 0:29:38]} Ne5 {[%clk 0:18:40]} 43. Rg3 {[%clk 0:28:40]}
Na6 {[%clk 0:14:10]} 44. Qb5 {[%clk 0:25:51]} Nb4 {[%clk 0:14:16]} 45. Qf1 {[%clk
0:14:52]} a4 {[%clk 0:09:35]} 46. Bc1 {[%clk 0:15:05]} c4 {[%clk 0:05:09]} 47.
Bb2 {[%clk 0:10:45]} Nbd3 {[%clk 0:04:18]} 48. Bd4 {[%clk 0:10:10]} Nd7 {[%clk
0:03:25]} 49. Bxf6 {[%clk 0:08:31]} Nxf6 {[%clk 0:03:39]} 50. Re3 {[%clk
0:08:32]} Nxe4 {[%clk 0:02:59]} 51. Qe2 {[%clk 0:07:26]} Ndf2+ {[%clk 0:02:33]}
52. Kg2 {[%clk 0:07:30]} Qg5+ {[%clk 0:02:43]} 53. Kf1 {[%clk 0:07:32]} Qxd5
{[%clk 0:02:48]} 54. Qb2 {[%clk 0:05:38]} Qd1+ {[%clk 0:02:32]} 55. Re1 {[%clk
0:05:46]} Qxe1+ {[%clk 0:02:42]} 0-1

[Event "Baku Chess Olympiad | Open"]
[Site "chess24.com"]
[Date "2016.09.12"]
[Round "10"]
[White "Taalaibekov, Tagir"]
[Black "Coppola, Claudio"]
[Result "0-1"]
[Board "4"]
[WhiteID "13801163"]
[WhiteElo "2223"]
[WhiteCountry "KGZ"]
[WhiteFideId "13801163"]
[WhiteEloChange "-10"]
[BlackID "3001717"]
[BlackElo "2230"]
[BlackTitle "IM"]
[BlackCountry "URU"]
[BlackFideId "3001717"]
[BlackEloChange "10"]

1. d4 {[%clk 1:30:56]} d5 {[%clk 1:30:50]} 2. c4 {[%clk 1:30:59]} c6 {[%clk
1:31:12]} 3. Nf3 {[%clk 1:31:26]} Nf6 {[%clk 1:31:36]} 4. e3 {[%clk 1:31:54]} Bf5
{[%clk 1:31:58]} 5. Nc3 {[%clk 1:32:20]} e6 {[%clk 1:32:19]} 6. Nh4 {[%clk
1:32:48]} Bg6 {[%clk 1:32:41]} 7. Nxg6 {[%clk 1:33:14]} hxg6 {[%clk 1:33:04]} 8.
Bd3 {[%clk 1:33:41]} Nbd7 {[%clk 1:33:24]} 9. O-O {[%clk 1:34:06]} Bd6 {[%clk
1:33:46]} 10. h3 {[%clk 1:34:33]} O-O {[%clk 1:33:41]} 11. b3 {[%clk 1:33:56]}
Qc7 {[%clk 1:29:40]} 12. Bb2 {[%clk 1:34:10]} dxc4 {[%clk 1:27:49]} 13. Bxc4
{[%clk 1:33:40]} e5 {[%clk 1:20:45]} 14. Rc1 {[%clk 1:32:47]} Rad8 {[%clk
1:14:50]} 15. Nb5 {[%clk 1:18:23]} cxb5 {[%clk 1:14:23]} 16. Bxf7+ {[%clk
1:18:46]} Kxf7 {[%clk 1:02:10]} 17. Rxc7 {[%clk 1:19:11]} Bxc7 {[%clk 1:02:35]}
18. Qd3 {[%clk 1:19:13]} e4 {[%clk 0:56:55]} 19. Qxb5 {[%clk 1:17:05]} Nb6 {[%clk
0:57:10]} 20. Qa5 {[%clk 0:59:56]} Nbd5 {[%clk 0:48:26]} 21. Qxa7 {[%clk
0:48:49]} Ra8 {[%clk 0:48:26]} 22. Qxb7 {[%clk 0:49:03]} Rxa2 {[%clk 0:44:10]}
23. f3 {[%clk 0:42:05]} Kg8 {[%clk 0:11:30]} 24. fxe4 {[%clk 0:26:59]} Nxe3
{[%clk 0:11:55]} 25. Re1 {[%clk 0:11:47]} Rxb2 {[%clk 0:11:54]} 26. Qxc7 {[%clk
0:12:09]} Nxg2 {[%clk 0:09:47]} 27. Qc4+ {[%clk 0:12:25]} Kh7 {[%clk 0:09:56]}
28. Re2 {[%clk 0:10:40]} Rxe2 {[%clk 0:08:55]} 29. Qxe2 {[%clk 0:11:09]} Nf4
{[%clk 0:09:18]} 30. Qe3 {[%clk 0:10:00]} N6h5 {[%clk 0:07:33]} 31. d5 {[%clk
0:06:12]} Ra8 {[%clk 0:07:07]} 32. Qd2 {[%clk 0:05:11]} Ng3 {[%clk 0:06:57]} 33.
Qc2 {[%clk 0:05:11]} Re8 {[%clk 0:03:32]} 34. Qc6 {[%clk 0:04:29]} Rxe4 {[%clk
0:03:37]} 35. d6 {[%clk 0:04:14]} Re2 {[%clk 0:03:47]} 0-1

[Event "Baku Chess Olympiad | Open"]
[Site "chess24.com"]
[Date "2016.09.12"]
[Round "10"]
[White "Minero Pineda, Sergio"]
[Black "Pace, Colin"]
[Result "1-0"]
[Board "1"]
[WhiteID "6500374"]
[WhiteElo "2391"]
[WhiteTitle "IM"]
[WhiteCountry "CRC"]
[WhiteFideId "6500374"]
[WhiteEloChange "4"]
[BlackID "5600189"]
[BlackElo "2172"]
[BlackTitle "CM"]
[BlackCountry "MLT"]
[BlackFideId "5600189"]
[BlackEloChange "-4"]

1. d4 {[%clk 1:30:54]} f5 {[%clk 1:30:48]} 2. g3 {[%clk 1:31:07]} Nf6 {[%clk
1:31:12]} 3. Bg2 {[%clk 1:31:28]} g6 {[%clk 1:31:34]} 4. Nf3 {[%clk 1:31:24]} Bg7
{[%clk 1:31:58]} 5. O-O {[%clk 1:31:16]} O-O {[%clk 1:32:16]} 6. c4 {[%clk
1:31:26]} d6 {[%clk 1:32:41]} 7. Nc3 {[%clk 1:30:20]} Qe8 {[%clk 1:33:02]} 8. Re1
{[%clk 1:27:51]} Qf7 {[%clk 1:33:23]} 9. b3 {[%clk 1:27:20]} Ne4 {[%clk 1:32:10]}
10. Bb2 {[%clk 1:26:03]} Nc6 {[%clk 1:30:40]} 11. Rc1 {[%clk 1:23:59]} Nxc3
{[%clk 1:17:00]} 12. Bxc3 {[%clk 1:23:42]} e5 {[%clk 1:15:41]} 13. dxe5 {[%clk
1:20:47]} dxe5 {[%clk 1:10:14]} 14. Qd5 {[%clk 1:17:25]} e4 {[%clk 0:48:58]} 15.
Ng5 {[%clk 1:09:46]} Qxd5 {[%clk 0:49:12]} 16. cxd5 {[%clk 1:10:10]} Bh6 {[%clk
0:26:10]} 17. h4 {[%clk 1:03:49]} Nb8 {[%clk 0:22:42]} 18. Be5 {[%clk 0:32:19]}
c5 {[%clk 0:21:17]} 19. Bxb8 {[%clk 0:27:45]} Rxb8 {[%clk 0:21:44]} 20. Rxc5
{[%clk 0:28:08]} Rd8 {[%clk 0:20:13]} 21. Rd1 {[%clk 0:23:58]} Bf8 {[%clk
0:18:08]} 22. Rc7 {[%clk 0:24:05]} h6 {[%clk 0:16:26]} 23. Nf7 {[%clk 0:19:41]}
Rd7 {[%clk 0:13:07]} 24. Rxd7 {[%clk 0:19:10]} Bxd7 {[%clk 0:13:36]} 25. Ne5
{[%clk 0:19:32]} Bb5 {[%clk 0:11:02]} 26. Bf1 {[%clk 0:15:23]} Kg7 {[%clk
0:10:03]} 27. e3 {[%clk 0:11:02]} Be8 {[%clk 0:10:32]} 28. f4 {[%clk 0:07:21]}
exf3 {[%clk 0:06:51]} 29. Nxf3 {[%clk 0:07:42]} Rd8 {[%clk 0:07:02]} 30. Bg2
{[%clk 0:06:01]} Kf6 {[%clk 0:06:37]} 31. Nd2 {[%clk 0:05:22]} Bc5 {[%clk
0:06:08]} 32. Kf2 {[%clk 0:05:36]} b5 {[%clk 0:04:29]} 33. Ke2 {[%clk 0:04:18]}
g5 {[%clk 0:03:06]} 34. hxg5+ {[%clk 0:04:31]} hxg5 {[%clk 0:03:35]} 35. g4
{[%clk 0:04:44]} Bb6 {[%clk 0:01:44]} 36. Rf1 {[%clk 0:04:08]} Bg6 {[%clk
0:01:38]} 37. gxf5 {[%clk 0:03:59]} Bh5+ {[%clk 0:02:06]} 38. Kd3 {[%clk
0:04:03]} Ke5 {[%clk 0:02:08]} 39. a4 {[%clk 0:02:29]} a6 {[%clk 0:02:22]} 40.
Be4 {[%clk 0:31:34]} Bf7 {[%clk 0:30:59]} 41. f6 {[%clk 0:28:43]} Rg8 {[%clk
0:25:18]} 42. Bh7 {[%clk 0:24:52]} Rc8 {[%clk 0:19:43]} 43. Rf5+ {[%clk 0:24:22]}
Kd6 {[%clk 0:20:07]} 44. Ne4+ {[%clk 0:24:31]} 1-0

[Event "Baku Chess Olympiad | Open"]
[Site "chess24.com"]
[Date "2016.09.12"]
[Round "10"]
[White "Gauci, Joseph"]
[Black "Gonzalez Acosta, Bernal"]
[Result "0-1"]
[Board "2"]
[WhiteID "5600278"]
[WhiteElo "2151"]
[WhiteTitle "CM"]
[WhiteCountry "MLT"]
[WhiteFideId "5600278"]
[WhiteEloChange "-3"]
[BlackID "6500170"]
[BlackElo "2481"]
[BlackTitle "GM"]
[BlackCountry "CRC"]
[BlackFideId "6500170"]
[BlackEloChange "1"]

1. d4 {[%clk 1:30:55]} d5 {[%clk 1:30:58]} 2. Nf3 {[%clk 1:31:12]} Nf6 {[%clk
1:31:25]} 3. c4 {[%clk 1:31:31]} c6 {[%clk 1:31:53]} 4. Nc3 {[%clk 1:31:38]} dxc4
{[%clk 1:32:20]} 5. a4 {[%clk 1:31:58]} Bf5 {[%clk 1:32:48]} 6. e3 {[%clk
1:32:02]} e6 {[%clk 1:33:13]} 7. Bxc4 {[%clk 1:32:15]} Bb4 {[%clk 1:33:40]} 8.
O-O {[%clk 1:32:19]} Nbd7 {[%clk 1:34:07]} 9. Qe2 {[%clk 1:32:10]} Bg6 {[%clk
1:34:33]} 10. Rd1 {[%clk 1:25:28]} O-O {[%clk 1:34:57]} 11. Ne1 {[%clk 1:12:16]}
Qc7 {[%clk 1:15:12]} 12. h3 {[%clk 1:05:12]} e5 {[%clk 1:10:12]} 13. d5 {[%clk
0:53:42]} Bxc3 {[%clk 1:07:15]} 14. bxc3 {[%clk 0:51:50]} cxd5 {[%clk 1:07:33]}
15. Bxd5 {[%clk 0:50:25]} Nxd5 {[%clk 1:07:42]} 16. Rxd5 {[%clk 0:50:34]} Nf6
{[%clk 1:05:22]} 17. Rb5 {[%clk 0:49:38]} Ne4 {[%clk 1:04:36]} 18. Rb3 {[%clk
0:44:10]} Rfd8 {[%clk 0:59:50]} 19. c4 {[%clk 0:39:28]} Rac8 {[%clk 0:56:42]} 20.
Nf3 {[%clk 0:34:24]} f6 {[%clk 0:49:05]} 21. Bb2 {[%clk 0:27:58]} Bf7 {[%clk
0:44:33]} 22. Rc1 {[%clk 0:23:16]} Bxc4 {[%clk 0:43:07]} 23. Qe1 {[%clk 0:16:58]}
Qf7 {[%clk 0:35:49]} 24. Rb4 {[%clk 0:15:59]} Bd5 {[%clk 0:34:47]} 25. Rxc8
{[%clk 0:13:44]} Rxc8 {[%clk 0:35:15]} 26. Qb1 {[%clk 0:13:19]} Nc5 {[%clk
0:32:00]} 27. Qd1 {[%clk 0:10:29]} Bc6 {[%clk 0:28:55]} 28. a5 {[%clk 0:09:25]}
Na6 {[%clk 0:25:51]} 29. Rg4 {[%clk 0:09:10]} Qd5 {[%clk 0:24:59]} 30. Qa1 {[%clk
0:08:46]} Bd7 {[%clk 0:22:53]} 31. Rg3 {[%clk 0:08:45]} Rc2 {[%clk 0:18:37]} 32.
Qa3 {[%clk 0:08:02]} Nc5 {[%clk 0:16:28]} 33. Qb4 {[%clk 0:02:34]} Qc4 {[%clk
0:15:10]} 34. Ba3 {[%clk 0:01:10]} Qxb4 {[%clk 0:15:28]} 35. Bxb4 {[%clk
0:01:33]} Ne4 {[%clk 0:15:28]} 0-1

[Event "Baku Chess Olympiad | Open"]
[Site "chess24.com"]
[Date "2016.09.12"]
[Round "10"]
[White "Valdes Romero, Leonardo"]
[Black "Psaila, Clarence"]
[Result "*"]
[Board "3"]
[WhiteID "6500331"]
[WhiteElo "2387"]
[WhiteTitle "IM"]
[WhiteCountry "CRC"]
[WhiteFideId "6500331"]
[BlackID "5600359"]
[BlackElo "2057"]
[BlackCountry "MLT"]
[BlackFideId "5600359"]

1. Nf3 {[%clk 1:30:51]} e6 {[%clk 1:30:55]} 2. g3 {[%clk 1:30:46]} f5 {[%clk
1:31:15]} 3. Bg2 {[%clk 1:31:02]} Nf6 {[%clk 1:31:39]} 4. c4 {[%clk 1:31:21]} Be7
{[%clk 1:31:30]} 5. O-O {[%clk 1:31:30]} O-O {[%clk 1:31:46]} 6. Nc3 {[%clk
1:31:52]} d6 {[%clk 1:32:07]} 7. d4 {[%clk 1:31:48]} Ne4 {[%clk 1:32:11]} 8. Nxe4
{[%clk 1:31:59]} fxe4 {[%clk 1:32:35]} 9. Nd2 {[%clk 1:32:26]} d5 {[%clk
1:32:53]} 10. f3 {[%clk 1:32:51]} Nc6 {[%clk 1:33:17]} 11. fxe4 {[%clk 1:32:17]}
Rxf1+ {[%clk 1:33:36]} 12. Nxf1 {[%clk 1:32:20]} dxc4 {[%clk 1:33:39]} 13. Be3
{[%clk 1:31:40]} Bd7 {[%clk 1:33:44]} 14. b3 {[%clk 1:19:33]} Na5 {[%clk
1:16:31]} 15. e5 {[%clk 1:04:09]} Bc6 {[%clk 1:04:32]} 16. Bxc6 {[%clk 1:00:07]}
bxc6 {[%clk 1:04:42]} 17. b4 {[%clk 0:45:14]} Bxb4 {[%clk 0:51:46]} 18. Qa4
{[%clk 0:44:32]} Bc3 {[%clk 0:51:10]} 19. Rc1 {[%clk 0:44:15]} Bxd4 {[%clk
0:50:38]} 20. Qxa5 {[%clk 0:44:25]} Bb6 {[%clk 0:25:59]} 21. Qc3 {[%clk 0:42:59]}
Qg5 {[%clk 0:24:30]} 22. Bxb6 {[%clk 0:39:16]} axb6 {[%clk 0:24:31]} 23. Qxc4
{[%clk 0:39:36]} Qxe5 {[%clk 0:24:07]} 24. Qxc6 {[%clk 0:37:26]} Rf8 {[%clk
0:22:02]} 25. Qc4 {[%clk 0:29:56]} c5 {[%clk 0:17:38]} 26. e3 {[%clk 0:27:33]}
Qf5 {[%clk 0:17:36]} 27. Qe2 {[%clk 0:27:46]} b5 {[%clk 0:16:55]} 28. g4 {[%clk
0:18:33]} Qg5 {[%clk 0:14:12]} 29. Qxb5 {[%clk 0:14:33]} Qxg4+ {[%clk 0:12:53]}
30. Ng3 {[%clk 0:14:55]} h5 {[%clk 0:10:23]} 31. Qc4 {[%clk 0:10:17]} Qg5 {[%clk
0:08:16]} 32. Qxc5 {[%clk 0:09:42]} e5 {[%clk 0:06:21]} 33. Rf1 {[%clk 0:07:11]}
Rd8 {[%clk 0:04:23]} 34. Qc4+ {[%clk 0:03:51]} Kh8 {[%clk 0:04:36]} 35. Qe2
{[%clk 0:04:10]} g6 {[%clk 0:04:16]} 36. Kh1 {[%clk 0:04:22]} Qe7 {[%clk
0:02:47]} 37. Qf3 {[%clk 0:02:26]} Rd2 {[%clk 0:02:39]} *

[Event "Baku Chess Olympiad | Open"]
[Site "chess24.com"]
[Date "2016.09.12"]
[Round "10"]
[White "Vella, Duncan"]
[Black "Murillo Tsijli, Alexis"]
[Result "0-1"]
[Board "4"]
[WhiteID "5600243"]
[WhiteElo "2017"]
[WhiteTitle "CM"]
[WhiteCountry "MLT"]
[WhiteFideId "5600243"]
[WhiteEloChange "-4"]
[BlackID "6500218"]
[BlackElo "2272"]
[BlackTitle "IM"]
[BlackCountry "CRC"]
[BlackFideId "6500218"]
[BlackEloChange "4"]

1. e4 {[%clk 1:30:53]} e6 {[%clk 1:30:54]} 2. d3 {[%clk 1:31:13]} d5 {[%clk
1:29:13]} 3. Qe2 {[%clk 1:31:35]} Nf6 {[%clk 1:28:12]} 4. g3 {[%clk 1:30:10]} Nc6
{[%clk 1:25:25]} 5. Nf3 {[%clk 1:28:29]} Be7 {[%clk 1:18:01]} 6. Bg2 {[%clk
1:27:06]} h6 {[%clk 1:16:38]} 7. e5 {[%clk 1:18:07]} Nd7 {[%clk 1:16:30]} 8. d4
{[%clk 1:18:15]} a5 {[%clk 1:14:18]} 9. b3 {[%clk 1:07:46]} a4 {[%clk 1:13:32]}
10. Bb2 {[%clk 1:03:18]} Nb6 {[%clk 1:07:48]} 11. O-O {[%clk 1:00:42]} Bd7 {[%clk
0:53:25]} 12. Na3 {[%clk 0:51:58]} Na5 {[%clk 0:52:29]} 13. Nd2 {[%clk 0:38:42]}
Bc6 {[%clk 0:52:23]} 14. c3 {[%clk 0:34:04]} Qd7 {[%clk 0:52:06]} 15. Rfd1 {[%clk
0:30:54]} h5 {[%clk 0:51:00]} 16. h4 {[%clk 0:29:21]} g5 {[%clk 0:49:17]} 17.
hxg5 {[%clk 0:28:33]} Bxg5 {[%clk 0:49:34]} 18. f4 {[%clk 0:23:13]} Be7 {[%clk
0:45:11]} 19. Kf2 {[%clk 0:22:50]} h4 {[%clk 0:43:56]} 20. g4 {[%clk 0:22:42]} h3
{[%clk 0:43:19]} 21. Bh1 {[%clk 0:21:15]} O-O-O {[%clk 0:39:57]} 22. b4 {[%clk
0:15:42]} Nac4 {[%clk 0:38:07]} 23. Naxc4 {[%clk 0:15:12]} dxc4 {[%clk 0:37:50]}
24. Bxc6 {[%clk 0:14:22]} Qxc6 {[%clk 0:37:59]} 25. Qf3 {[%clk 0:14:06]} Nd5
{[%clk 0:37:51]} 26. Rh1 {[%clk 0:11:57]} Bh4+ {[%clk 0:24:40]} 27. Ke2 {[%clk
0:09:50]} a3 {[%clk 0:24:39]} 28. Bxa3 {[%clk 0:09:13]} Nxc3+ {[%clk 0:24:41]}
29. Kf1 {[%clk 0:08:06]} Rxd4 {[%clk 0:21:11]} 30. Rxh3 {[%clk 0:07:14]} Rxd2
{[%clk 0:21:11]} 31. Qxc6 {[%clk 0:07:15]} Rf2+ {[%clk 0:20:37]} 32. Ke1 {[%clk
0:07:19]} bxc6 {[%clk 0:20:19]} 33. Rc1 {[%clk 0:03:47]} Rf3+ {[%clk 0:19:14]}
0-1